European Competitions Top 5 Scorers: 2017/18 - Statistics

General Stats
  • This quiz has been taken 5 times
  • The average score is 6 of 15
Answer Stats
Competition Goals Club Nationality Player % Correct
Champions League 15 Real Madrid Portugal Cristiano Ronaldo
100%
Champions League 10 Liverpool Egypt Mohamed Salah
100%
Champions League 10 Liverpool Brazil Roberto Firmino
100%
Champions League 10 Liverpool Senegal Sadio Mane
100%
Champions League 8 Roma Bosnia and Herzegovina Edin Dzeko
80%
Europa League 8 Lazio Italy Ciro Immobile
60%
Europa League 8 Athletic Bilbao Spain Aritz Aduriz
20%
Europa League 6 Lokomotiv Moscow Portugal Manuel Fernandes
20%
Champions League 8 Sevilla France Wissam Ben Yedder
20%
Europa League 6 Zenit Russia Aleksandr Kokorin
0%
Europa League 6 Milan Portugal Andre Silva
0%
Europa League 6 Atletico Madrid France Antoine Greizmann
0%
Europa League 6 Zenit Argentina Emiliano Rigoni
0%
Europa League 7 Dynamo Kyiv Brazil Junior Moraes
0%
Europa League 6 Nice Italy Mario Balotelli
0%
No matching quizzes found
Score Distribution
Percent of People with Each Score
Percentile by Number Answered
Your Score History
You have not taken this quiz